000 00945nam a22002537a 4500
001 30016
003 UA-OsUOA
005 20260330095148.0
007 ta
008 20041102b un ||||| |||| 00| 0 ukr d
040 _aUA-OsUOA
_bukr
_cUA-OsUOA
_dUA-OsUOA
041 _aukr
044 _aRU
080 _a929
090 _a929
_bК85
100 _aКрикуненко В. Г.
_924740
245 _a"Філософ з головою хлопчика" (за маловідомими сторінками творчої спадщини Валер'яна Поліщука)
_cВіталій Крикуненко
260 _aМ.
_bВидавничий центр БУЛ
_c1997
300 _a64 с.
490 _aСерія видань Бібліотеки української літератури в Москві
_vЧисло 1
650 7 _a929 Біографічні дослідження
_2UDC
_91571
942 _cBK
_2udc
955 _a2
999 _c316417
_d316417